000 01705nam a2200325 a 4500
001 BRCA_3448
005 20190320204304.0
041 _arus
044 _aru
084 _a737
_b.K66
_c1895
100 1 _aCervantes Saavedra, Miguel de
_d1547-1616
_9213
245 1 0 _aSlavnyj rycar´ Don-Kihot Lamancskij
_croman Migelja Servantesa.
260 _aMoscú
_bIzdanie Kniznago Magazina : A. G. Kol´cugina
_c1895
300 _a2 v.
_bil.
_c24 cm.
500 _aContenido : v.1. Primera parte. Retrato de Cervantes. Prólogo del autor. -- v.2. Segunda parte. Prólogo del autor. Vida y obra de Cervantes por L. Viardot, traducida al ruso del francés
500 _aEdición : Novyj polnyj perevod E. M. oskvitinova/. S portretom Servantesa, s primecanijani i stat´eju L. Viardo: ´Zizn´i proizvedenija Servantesa´ ... i ... kartinami Gustava Dore
500 _aVersión rusa supuestamente de Moskvitinov con la vida de Cervantes y notas escritas en francés por L. Viardot y traducidas al ruso. Va adornada con los dibujos de Gustavo Doré. Semipiel; lomeras decoradas con filetes dorados Lúdovik Osterc
500 _aEstado físico : Lomo desprendido y primeras hojas desprendidas
500 _aQM561B
546 _aTexto en : ruso
650 1 4 _aNovela española
_yÉpoca clásica, 1500-1700
_9215
650 1 4 _aLiteratura española
_yÉpoca clásica, 1500-1700
_9216
650 1 4 _aNovela española
_ySiglo XVII
_9217
650 1 4 _aDon Quijote (Personaje ficticio)
_eNovela
_9218
700 1 _aViardot, Louis
_d1800-1883
_eBiógrafo
_99020
700 1 _aDoré, Paul Gustave
_d1832-1883
_eIlustrador
_99021
740 0 _aEl Ingenioso Hidalgo Don Quijote de la Mancha
902 _aQFM
942 _2lcc
_cB
999 _c3184
_d3184